[Event "Gibraltar Masters Open 2015"]
[Site "Caleta ENG"]
[Date "2015.01.27"]
[Round "1"]
[White "Schaefer, Reyk"]
[Black "Muzychuk, Mariya"]
[Result "0-1"]
[WhiteElo "2104"]
[BlackElo "2520"]
[PlyCount "66"]
[EventDate "2015.01.27"]

1. d4 Nf6 2. c4 e6 3. g3 c5 4. d5 exd5 5. cxd5 d6 6. Nc3 g6 7. Bg2 Bg7 8. Nf3
O-O 9. O-O Re8 10. Nd2 a6 11. a4 Nbd7 12. h3 Rb8 13. Nc4 Ne5 14. Na3 Nh5 15. e4
Bd7 16. a5 b5 17. axb6 Bb5 18. Naxb5 axb5 19. Nxb5 Qxb6 20. Na3 Qb3 21. g4 Nf6
22. f4 Nd3 23. Qxb3 Rxb3 24. Nc4 Nxe4 25. Ra3 Rxa3 26. bxa3 Ng3 27. Bd2 Bd4+
28. Kh2 Nxf1+ 29. Bxf1 Nb2 30. Nxb2 Bxb2 31. a4 Re4 32. a5 c4 33. a6 c3 0-1

[Event "Gibraltar Masters Open 2015"]
[Site "Caleta ENG"]
[Date "2015.01.27"]
[Round "1"]
[White "Cramling, Pia"]
[Black "Mareckova, Martina"]
[Result "1-0"]
[WhiteElo "2518"]
[BlackElo "2102"]
[PlyCount "85"]
[EventDate "2015.01.27"]

1. Nf3 Nf6 2. c4 g6 3. Nc3 Bg7 4. d4 O-O 5. e4 d6 6. Be2 e5 7. d5 Nbd7 8. Be3
a5 9. Nd2 Nc5 10. O-O Ne8 11. Nb3 Qe7 12. Qd2 f5 13. exf5 gxf5 14. f4 a4 15.
Nxc5 dxc5 16. fxe5 Bxe5 17. Rae1 Bd7 18. Bd3 Qd6 19. g3 Ng7 20. Bf4 Bxf4 21.
Qxf4 Qxf4 22. gxf4 Ne8 23. Re5 Nd6 24. Rfe1 Rfe8 25. Kf2 Kf7 26. R1e3 Kf6 27.
Be2 Nf7 28. Rxe8 Rxe8 29. Rxe8 Bxe8 30. Bh5 Bd7 31. Bxf7 Kxf7 32. Kg3 Kf6 33.
Nd1 b5 34. Ne3 bxc4 35. Nxc4 Ke7 36. Kh4 c6 37. dxc6 Bxc6 38. a3 Be4 39. Kg5
Ke6 40. Ne3 h6+ 41. Kxh6 Kf6 42. Kh7 Kf7 43. Nd1 1-0

[Event "Gibraltar Masters Open 2015"]
[Site "Caleta ENG"]
[Date "2015.01.28"]
[Round "2"]
[White "Das, Arghyadip"]
[Black "Hou, Yifan"]
[Result "0-1"]
[WhiteElo "2476"]
[BlackElo "2673"]
[PlyCount "134"]
[EventDate "2015.01.27"]

1. e4 c5 2. Nf3 d6 3. d4 cxd4 4. Nxd4 Nf6 5. Nc3 e6 6. Be2 Be7 7. O-O Nc6 8.
Be3 O-O 9. a4 Bd7 10. f4 Nxd4 11. Qxd4 Bc6 12. Bf3 Nd7 13. Qd2 b6 14. b4 a6 15.
Ne2 Bb7 16. c4 a5 17. b5 Rc8 18. Rac1 Rc7 19. Nd4 Qc8 20. Rfd1 Rd8 21. Qc2 g6
22. Nb3 Qa8 23. Qf2 Rdc8 24. Nd2 Nc5 25. Bxc5 Rxc5 26. Qe3 Bf8 27. Kh1 d5 28.
exd5 exd5 29. Nb3 Rxc4 30. Qxb6 Bb4 31. Rxc4 Rxc4 32. Qf6 Qc8 33. h3 Qc7 34. b6
Qd7 35. Nd4 Bf8 36. Nb5 Rxa4 37. Nc7 Bg7 38. Qg5 h6 39. Qg3 Rd4 40. Re1 Rb4 41.
f5 Qxf5 42. Ne8 Bc3 43. Qb8 Kh7 44. Nd6 Qd7 45. Rc1 Rxb6 46. Nxf7 Qe7 47. Qf4
Bg7 48. Rc7 Qe1+ 49. Kh2 Qb4 50. Qg3 Rc6 51. Rd7 Bc8 52. Rxd5 Be6 53. Nd8 Bxd5
54. Nxc6 Qc5 55. Bxd5 Qxd5 56. Qxg6+ Kxg6 57. Ne7+ Kf6 58. Nxd5+ Ke5 59. Nb6
Ke4 60. Kg3 Bd4 61. Na4 Kd3 62. Kf3 Kc2 63. Ke4 Bf2 64. Kf3 Ba7 65. g4 Kb3 66.
h4 Kxa4 67. Ke4 Bf2 0-1

[Event "Gibraltar Masters Open 2015"]
[Site "Caleta ENG"]
[Date "2015.01.28"]
[Round "2"]
[White "Wemmers, Xander"]
[Black "Ju, Wenjun"]
[Result "0-1"]
[WhiteElo "2353"]
[BlackElo "2547"]
[PlyCount "66"]
[EventDate "2015.01.27"]

1. d4 Nf6 2. c4 g6 3. Nc3 Bg7 4. e4 d6 5. Nf3 O-O 6. Be2 e5 7. O-O Nc6 8. d5
Ne7 9. b4 Nh5 10. g3 f5 11. Ng5 Nf6 12. Bf3 fxe4 13. Ncxe4 Nxe4 14. Nxe4 a5 15.
b5 Nf5 16. c5 dxc5 17. Bg5 Qe8 18. Rb1 Nd4 19. Bg2 h6 20. Be3 b6 21. Re1 Qf7
22. d6 Bf5 23. f4 exf4 24. Bxf4 g5 25. dxc7 gxf4 26. Nd6 Qg6 27. Nxf5 Qxf5 28.
Bxa8 Rxa8 29. Rf1 f3 30. Qd2 Rc8 31. Rbe1 Rxc7 32. Re8+ Kh7 33. Qe3 Qc2 0-1

[Event "Gibraltar Masters Open 2015"]
[Site "Caleta ENG"]
[Date "2015.01.28"]
[Round "2"]
[White "Muzychuk, Anna"]
[Black "Zwahr, Paul"]
[Result "1/2-1/2"]
[WhiteElo "2544"]
[BlackElo "2354"]
[PlyCount "62"]
[EventDate "2015.01.27"]

1. e4 e5 2. Nf3 Nc6 3. Bb5 Nf6 4. d3 Bc5 5. Bxc6 dxc6 6. O-O Bg4 7. h3 Bxf3 8.
Qxf3 Nd7 9. Be3 O-O 10. Nd2 Qe7 11. Nc4 f6 12. Rad1 Rad8 13. Qg3 Bxe3 14. Nxe3
Kh8 15. f4 exf4 16. Rxf4 Nc5 17. Rdf1 Qe5 18. Nc4 Qd4+ 19. Kh2 Ne6 20. Rh4 g5
21. Rh6 Nf4 22. e5 b5 23. exf6 bxc4 24. Qxg5 Ne6 25. Qh5 Rd7 26. f7 Rdxf7 27.
Rxf7 Rxf7 28. Qxf7 Qe5+ 29. Kh1 Qe1+ 30. Kh2 Qe5+ 31. Kh1 Qe1+ 1/2-1/2

[Event "Gibraltar Masters Open 2015"]
[Site "Caleta ENG"]
[Date "2015.01.28"]
[Round "2"]
[White "Holm, Kristian Stuvik"]
[Black "Khotenashvili, Bela"]
[Result "0-1"]
[WhiteElo "2330"]
[BlackElo "2526"]
[PlyCount "140"]
[EventDate "2015.01.27"]

1. Nf3 d6 2. d4 Bg4 3. e4 Nd7 4. Be2 Ngf6 5. h3 Bxf3 6. Bxf3 e5 7. c3 Be7 8.
O-O O-O 9. Re1 h6 10. g3 c5 11. d5 c4 12. b4 a5 13. a3 b5 14. a4 Qb6 15. Be3
Qb7 16. Nd2 axb4 17. cxb4 Rfc8 18. Nb1 c3 19. Qb3 bxa4 20. Rxa4 Rxa4 21. Qxa4
Rc4 22. Na3 Rxb4 23. Qc6 Rb3 24. Qxb7 Rxb7 25. Rb1 Rxb1+ 26. Nxb1 c2 27. Na3
Nc5 28. Nxc2 Ncxe4 29. Nb4 Bd8 30. Na2 Ba5 31. Kf1 Nd2+ 32. Bxd2 Bxd2 33. Ke2
Ba5 34. Nc1 Kf8 35. Nb3 Bb4 36. Bg2 Ke7 37. f4 Nh5 38. Kf3 Be1 39. fxe5 dxe5
40. g4 Nf4 41. Bf1 Nxd5 42. Ke4 Kd6 43. Bc4 Nf4 44. Bxf7 Nxh3 45. Kf5 Bc3 46.
Nc1 e4 47. Ne2 Be5 48. Ba2 Nf2 49. Bb1 e3 50. Bc2 Bf6 51. Kf4 Bg5+ 52. Kf3 Ke5
53. Ng3 Kd4 54. Ne2+ Kc4 55. Bf5 Nd3 56. Kg3 Bf4+ 57. Kf3 g5 58. Be6+ Kc5 59.
Ke4 Nf2+ 60. Kf3 Nd3 61. Ke4 Ne5 62. Bf5 Nc4 63. Kf3 Nd2+ 64. Kg2 Kd5 65. Bc8
Nc4 66. Bf5 Ne5 67. Nc3+ Kd4 68. Ne2+ Kc5 69. Kh3 Nf3 70. Bh7 Nd4 0-1

[Event "Gibraltar Masters Open 2015"]
[Site "Caleta ENG"]
[Date "2015.01.28"]
[Round "2"]
[White "Muzychuk, Mariya"]
[Black "Povah, Nigel E"]
[Result "1/2-1/2"]
[WhiteElo "2520"]
[BlackElo "2324"]
[PlyCount "77"]
[EventDate "2015.01.27"]

1. e4 c5 2. c4 Nc6 3. Ne2 Nf6 4. Nbc3 e6 5. d4 cxd4 6. Nxd4 Qa5 7. Nb3 Qc7 8.
Be2 Bb4 9. f3 O-O 10. O-O Bxc3 11. bxc3 d6 12. Ba3 Rd8 13. Nd4 a6 14. Rb1 Na5
15. Qa4 Rb8 16. Rfd1 b6 17. Qb4 h6 18. Nc2 Nc6 19. Qb2 d5 20. exd5 exd5 21. Ne3
dxc4 22. Rxd8+ Qxd8 23. Nxc4 b5 24. Rd1 Qe8 25. Nd6 Qe3+ 26. Kf1 Be6 27. Rd3
Qe5 28. g3 Bc4 29. Rd2 Bxe2+ 30. Rxe2 Qd5 31. Ne4 Nxe4 32. Rxe4 Qd1+ 33. Kg2
Rd8 34. Re2 Qd5 35. Qb3 Qd3 36. Qc2 Qd5 37. Qb3 Qd3 38. Qc2 Qd5 39. Qb3 1/2-1/2

[Event "Gibraltar Masters Open 2015"]
[Site "Caleta ENG"]
[Date "2015.01.28"]
[Round "2"]
[White "Sorm, Daniel"]
[Black "Cramling, Pia"]
[Result "1/2-1/2"]
[WhiteElo "2319"]
[BlackElo "2518"]
[PlyCount "80"]
[EventDate "2015.01.27"]

1. d4 Nf6 2. Nf3 e6 3. Bf4 b6 4. e3 Bb7 5. Bd3 d6 6. O-O Nbd7 7. Qe2 Nd5 8. Bg3
Nb4 9. Bc4 d5 10. Bb5 a6 11. Ba4 b5 12. Bb3 c5 13. c3 Nc6 14. Nbd2 Be7 15. e4
c4 16. Bc2 O-O 17. e5 b4 18. h4 h5 19. Bf4 Bxh4 20. Nxh4 Qxh4 21. g3 Qh3 22. f3
Ne7 23. Rf2 Ng6 24. Qe3 Nxf4 25. Qxf4 f6 26. Rh2 g5 27. Qxg5+ fxg5 28. Rxh3 Rf7
29. Rxh5 Rg7 30. Kf2 bxc3 31. bxc3 Bc6 32. Rah1 Kf7 33. Rh7 Rb8 34. Rxg7+ Kxg7
35. Rb1 Rh8 36. Kg2 Rf8 37. Rh1 Rb8 38. Rb1 Rf8 39. Rh1 Rb8 40. Rb1 Rf8 1/2-1/2

[Event "Gibraltar Masters Open 2015"]
[Site "Caleta ENG"]
[Date "2015.01.29"]
[Round "3"]
[White "Hou, Yifan"]
[Black "Al-Sayed, Mohammed"]
[Result "1-0"]
[WhiteElo "2673"]
[BlackElo "2516"]
[PlyCount "70"]
[EventDate "2015.01.27"]

1. e4 c5 2. Nf3 d6 3. d4 cxd4 4. Nxd4 Nf6 5. Nc3 a6 6. g3 e5 7. Nb3 Be7 8. Bg2
O-O 9. O-O b5 10. a4 b4 11. Nd5 Nxd5 12. Qxd5 Ra7 13. Be3 Be6 14. Qd3 Rb7 15.
f4 Qc8 16. Na5 Rc7 17. f5 Bc4 18. Nxc4 Rxc4 19. Rfc1 d5 20. exd5 e4 21. Qb3 Bc5
22. f6 gxf6 23. Kh1 Bxe3 24. Qxe3 Re8 25. Re1 Kg7 26. Rad1 Rxc2 27. Rf1 Qg4 28.
Rde1 Nd7 29. Rf4 Qh5 30. h3 Kh8 31. Rxe4 Rxe4 32. Qxe4 Qe5 33. Qxb4 Qxg3 34.
Rg1 Qc7 35. Qe7 Kg7 1-0

[Event "Gibraltar Masters Open 2015"]
[Site "Caleta ENG"]
[Date "2015.01.30"]
[Round "4"]
[White "Hou, Yifan"]
[Black "Lalith, Babu M.R"]
[Result "1/2-1/2"]
[WhiteElo "2673"]
[BlackElo "2537"]
[PlyCount "82"]
[EventDate "2015.01.27"]

1. e4 c6 2. d4 d5 3. Nd2 dxe4 4. Nxe4 Bf5 5. Ng3 Bg6 6. h4 h6 7. Nf3 Nd7 8. h5
Bh7 9. Bd3 Bxd3 10. Qxd3 e6 11. Bd2 Ngf6 12. O-O-O Be7 13. Kb1 O-O 14. Ne4 Nxe4
15. Qxe4 Nf6 16. Qe2 Qd5 17. Be3 Rad8 18. Ne5 Nd7 19. Nd3 Qb5 20. f4 c5 21. g4
Nb6 22. dxc5 Na4 23. c4 Qxc4 24. Qc2 Qxc2+ 25. Kxc2 Nxc5 26. Nxc5 Bxc5 27. Bxc5
Rc8 28. b4 b6 29. Rd7 a6 30. a4 bxc5 31. b5 axb5 32. axb5 Rb8 33. Rb1 f5 34.
gxf5 Rxf5 35. Kc3 Rxf4 36. Rg1 Rxb5 37. Rgxg7+ Kf8 38. Rh7 Kg8 39. Rxh6 Rbb4
40. Rg6+ Kh8 41. Rh6+ Kg8 1/2-1/2

[Event "Gibraltar Masters Open 2015"]
[Site "Caleta ENG"]
[Date "2015.01.30"]
[Round "4"]
[White "Stefanova, Antoaneta"]
[Black "Adhiban, Baskaran"]
[Result "0-1"]
[WhiteElo "2515"]
[BlackElo "2630"]
[PlyCount "84"]
[EventDate "2015.01.27"]

1. Nf3 Nf6 2. g3 g6 3. Bg2 Bg7 4. O-O O-O 5. d4 d5 6. c4 dxc4 7. Na3 c3 8. bxc3
c5 9. e3 Nc6 10. Qe2 Nd5 11. Bb2 Nb6 12. Rac1 Qd5 13. c4 Qh5 14. d5 Ne5 15. h3
Nxf3+ 16. Bxf3 Qxh3 17. Bxg7 Kxg7 18. e4 e5 19. Rb1 Qh6 20. Rfd1 Qg5 21. Nb5
Bd7 22. Nxa7 Qf6 23. d6 Na4 24. Rxb7 Nc3 25. Qd3 Nxd1 26. Bxd1 Rfd8 27. Qd5 Be6
28. Qxc5 Rxd6 29. Qxd6 Rd8 30. Qe7 Rxd1+ 31. Kg2 Bxc4 32. Qxf6+ Kxf6 33. Rb6+
Kg7 34. Rb2 f5 35. exf5 gxf5 36. f3 e4 37. fxe4 fxe4 38. Kf2 Rd3 39. Nb5 e3+
40. Ke1 e2 41. Rxe2 Bxb5 42. Kf2 Ra3 0-1

[Event "Gibraltar Masters Open 2015"]
[Site "Caleta ENG"]
[Date "2015.01.30"]
[Round "4"]
[White "Muzychuk, Anna"]
[Black "Salgado Lopez, Ivan"]
[Result "1/2-1/2"]
[WhiteElo "2544"]
[BlackElo "2628"]
[PlyCount "128"]
[EventDate "2015.01.27"]

1. e4 e6 2. d4 d5 3. Nc3 Nf6 4. Bg5 dxe4 5. Nxe4 Be7 6. Bxf6 Bxf6 7. Nf3 Be7 8.
Bc4 a6 9. Qe2 b5 10. Bd3 Bb7 11. a4 b4 12. O-O O-O 13. c4 bxc3 14. bxc3 Nd7 15.
Rab1 Qc8 16. Neg5 Bxg5 17. Nxg5 Nf6 18. Ne4 Nxe4 19. Bxe4 Rb8 20. Bxb7 Rxb7 21.
Qe4 Rxb1 22. Rxb1 Qd7 23. Rb4 c5 24. Qb7 Qd8 25. Rb1 cxd4 26. cxd4 Qa5 27. Qc6
h5 28. h4 Rd8 29. g3 Rxd4 30. Qe8+ Kh7 31. Qxf7 Qf5 32. Qxf5+ exf5 33. a5 Ra4
34. Rb6 Rxa5 35. Kg2 Ra3 36. Rc6 a5 37. Rb6 a4 38. Ra6 Kg8 39. Ra5 g6 40. Ra7
Kf8 41. Kh2 Ke8 42. Rg7 Rc3 43. Rxg6 a3 44. Rf6 a2 45. Ra6 Rc2 46. Kg2 Kd7 47.
Kf3 Kc7 48. Kf4 Kb7 49. Ra3 Kb6 50. f3 Kb5 51. Kxf5 Kb4 52. Rxa2 Rxa2 53. g4
hxg4 54. fxg4 Kc5 55. h5 Kd6 56. Kf6 Rf2+ 57. Kg7 Ke7 58. h6 Rf7+ 59. Kg6 Rf4
60. g5 Kf8 61. Kh7 Rg4 62. g6 Rg1 63. g7+ Kf7 64. g8=Q+ Rxg8 1/2-1/2

[Event "Gibraltar Masters Open 2015"]
[Site "Caleta ENG"]
[Date "2015.01.29"]
[Round "3"]
[White "Khademalsharieh, Sarasadat"]
[Black "Muzychuk, Anna"]
[Result "0-1"]
[WhiteElo "2372"]
[BlackElo "2544"]
[PlyCount "88"]
[EventDate "2015.01.27"]

1. d4 f5 2. c4 Nf6 3. Nc3 e6 4. Nf3 Bb4 5. Qc2 a5 6. g3 b6 7. Bg2 Bb7 8. O-O
O-O 9. Rd1 Qe7 10. Bf4 Bxc3 11. Qxc3 d6 12. b3 Nbd7 13. a3 Ne4 14. Qb2 Rac8 15.
b4 e5 16. dxe5 dxe5 17. Bd2 a4 18. Be1 Ndf6 19. Qc2 Ra8 20. Rac1 Qe6 21. Ng5
Qc8 22. Nxe4 Bxe4 23. Qb2 Bxg2 24. Kxg2 Qe6 25. c5 b5 26. c6 Rad8 27. Qc2 f4
28. Qc5 Nd5 29. Qxb5 e4 30. Kg1 Rf5 31. e3 fxe3 32. fxe3 Rdf8 33. Qe2 Rf1+ 34.
Kg2 R1f3 35. Bd2 Qf5 36. Rc5 Qg4 37. Kh1 R8f5 38. Bc1 Qh3 39. Kg1 Rf2 40. Qxf2
Rxf2 41. Kxf2 Qxh2+ 42. Kf1 Qh1+ 43. Ke2 Qf3+ 44. Ke1 Qxg3+ 0-1

[Event "Gibraltar Masters Open 2015"]
[Site "Caleta ENG"]
[Date "2015.01.29"]
[Round "3"]
[White "Vuilleumier, Alexandre"]
[Black "Muzychuk, Mariya"]
[Result "1/2-1/2"]
[WhiteElo "2336"]
[BlackElo "2520"]
[PlyCount "135"]
[EventDate "2015.01.27"]

1. e4 e5 2. Nf3 Nc6 3. Nc3 Nf6 4. Bb5 Bd6 5. O-O O-O 6. a3 Nd4 7. d3 c6 8. Bc4
Bc7 9. h3 d5 10. Ba2 h6 11. Re1 Be6 12. Nxd4 exd4 13. exd5 Nxd5 14. Nxd5 Bxd5
15. Bxd5 Qxd5 16. Qg4 f5 17. Qh5 Qd6 18. g3 Qf6 19. Bf4 Bxf4 20. gxf4 Qf7 21.
Qxf7+ Kxf7 22. Re5 g6 23. Rae1 Rfe8 24. Kf1 Rxe5 25. Rxe5 Kf6 26. Ra5 a6 27.
Ra4 Rd8 28. Ke2 g5 29. Kf3 Rd5 30. Kg3 Kg6 31. fxg5 Kxg5 32. h4+ Kh5 33. Rc4 a5
34. b4 a4 35. f3 Kg6 36. Kf4 Kf6 37. b5 cxb5 38. Rc7 Kg6 39. Rxb7 Rc5 40. Rb6+
Kh5 41. Rf6 Rxc2 42. Rxf5+ Kxh4 43. Rxb5 Rc3 44. Rb1 Kh3 45. Ke4 Kh4 46. Rh1+
Kg5 47. f4+ Kg6 48. f5+ Kg7 49. Ra1 Kf6 50. Kxd4 Rb3 51. Ke4 h5 52. Rh1 Rxa3
53. Rxh5 Ra1 54. Rh6+ Kf7 55. Ra6 a3 56. Ke5 Re1+ 57. Kd6 Ra1 58. Ke5 Re1+ 59.
Kd6 Ra1 60. d4 Kf6 61. Kd7+ Kxf5 62. d5 Ke5 63. d6 Kd5 64. Kd8 Kc4 65. d7 Kb3
66. Rb6+ Kc2 67. Rd6 Rh1 68. Kc7 1/2-1/2

[Event "Gibraltar Masters Open 2015"]
[Site "Caleta ENG"]
[Date "2015.01.29"]
[Round "3"]
[White "Cramling, Pia"]
[Black "Plotkin, Victor"]
[Result "0-1"]
[WhiteElo "2518"]
[BlackElo "2306"]
[PlyCount "114"]
[EventDate "2015.01.27"]

1. Nf3 Nf6 2. c4 e6 3. Nc3 d5 4. d4 Be7 5. Bg5 Nbd7 6. e3 c6 7. Rc1 h6 8. Bh4
O-O 9. Bd3 dxc4 10. Bxc4 Nd5 11. Bg3 Nxc3 12. bxc3 a6 13. O-O c5 14. Bd3 b6 15.
Qe2 Bb7 16. a4 Qc8 17. Nd2 Bc6 18. Ra1 Qb7 19. Rfb1 cxd4 20. cxd4 e5 21. Nc4
exd4 22. Na5 Qc8 23. Nxc6 Qxc6 24. exd4 Bf6 25. Be4 Qe6 26. Qf3 Rad8 27. Rd1
Rfe8 28. Bd5 Qe7 29. h3 Nf8 30. Rab1 Ne6 31. Bxe6 fxe6 32. Qe4 Qa3 33. Be5 Bxe5
34. dxe5 Rxd1+ 35. Rxd1 Qc5 36. Qg6 Qc6 37. Rd4 Rf8 38. Rg4 Rf7 39. Qxh6 b5 40.
axb5 axb5 41. Qe3 Rd7 42. Kh2 Qd5 43. h4 Qb7 44. h5 Kh8 45. Qc5 Qb8 46. Re4 Rd5
47. Qe3 Qf8 48. g4 b4 49. Kg2 Rb5 50. Qb3 Rb6 51. Kg3 Qc5 52. Re3 Qd4 53. Qa4
Rb8 54. Qb3 Rf8 55. Re2 Qf4+ 56. Kh3 Ra8 57. Qc2 Ra3+ 0-1

[Event "Gibraltar Masters Open 2015"]
[Site "Caleta ENG"]
[Date "2015.01.30"]
[Round "4"]
[White "Soumya, Swaminathan"]
[Black "Khotenashvili, Bela"]
[Result "1/2-1/2"]
[WhiteElo "2346"]
[BlackElo "2526"]
[PlyCount "88"]
[EventDate "2015.01.27"]

1. e4 c6 2. d4 d5 3. e5 Bf5 4. Nf3 e6 5. Be2 Nd7 6. O-O h6 7. Nbd2 Ne7 8. Nb3
Bg6 9. a4 Nf5 10. a5 Be7 11. Bd2 O-O 12. Rc1 b5 13. axb6 axb6 14. c4 dxc4 15.
Bxc4 b5 16. Bd3 Nb8 17. Qc2 Ra4 18. Rfe1 Nh4 19. Nxh4 Bxd3 20. Qxd3 Bxh4 21.
Re4 Bg5 22. Rg4 f5 23. exf6 Qxf6 24. Bxg5 Qxf2+ 25. Kh1 hxg5 26. Rxg5 Rc4 27.
Rg1 Nd7 28. Qe4 Re8 29. Qg6 Re7 30. Na5 Rc2 31. Rg3 Nf8 32. Qe4 Re2 33. Qf3 Rf7
34. Qxf2 Rfxf2 35. Nxc6 Rxb2 36. d5 exd5 37. Ne7+ Kf7 38. Nxd5 Ne6 39. Ra1 Ra2
40. Rb1 Nd4 41. h3 Nf5 42. Rg4 Rad2 43. Nc3 Rb2 44. Re1 Nd6 1/2-1/2

[Event "Gibraltar Masters Open 2015"]
[Site "Caleta ENG"]
[Date "2015.01.30"]
[Round "4"]
[White "Muzychuk, Mariya"]
[Black "Dragnev, Valentin"]
[Result "1-0"]
[WhiteElo "2520"]
[BlackElo "2344"]
[PlyCount "76"]
[EventDate "2015.01.27"]

1. e4 c5 2. Nf3 e6 3. c3 d5 4. exd5 Qxd5 5. d4 Nf6 6. Na3 Nc6 7. Be3 cxd4 8.
Nb5 Qd8 9. Nbxd4 Nd5 10. Bb5 Bd7 11. O-O Qc7 12. Qb3 Nxe3 13. fxe3 Be7 14. Rad1
Rd8 15. Qa4 O-O 16. Nxc6 bxc6 17. Bd3 g6 18. Qf4 Qb6 19. Bc4 Bc5 20. Rd3 Bc8
21. b4 Rxd3 22. bxc5 Qd8 23. Bxd3 Qxd3 24. Ne5 Qxc3 25. Nxf7 Kg7 26. Qh6+ Kg8
27. Qf4 Kg7 28. h4 Ba6 29. Rf3 Be2 30. Qc7 Qe1+ 31. Kh2 Qxh4+ 32. Rh3 Rxf7 33.
Qxf7+ Kxf7 34. Rxh4 h5 35. Rd4 Kf6 36. a4 a6 37. Rd6 Ke5 38. Rxc6 Bc4 1-0

[Event "Gibraltar Masters Open 2015"]
[Site "Caleta ENG"]
[Date "2015.01.30"]
[Round "4"]
[White "Vojinovic, Jovana"]
[Black "Cramling, Pia"]
[Result "0-1"]
[WhiteElo "2301"]
[BlackElo "2518"]
[PlyCount "58"]
[EventDate "2015.01.27"]

1. d4 Nf6 2. Bg5 e6 3. Nd2 h6 4. Bh4 d6 5. e3 Be7 6. Bd3 Nbd7 7. Ngf3 b6 8. O-O
Bb7 9. c3 O-O 10. Re1 Re8 11. a4 a6 12. e4 e5 13. Qc2 Nh5 14. Bxe7 Qxe7 15. Nf1
Nhf6 16. d5 c6 17. dxc6 Bxc6 18. Ne3 Red8 19. Nd2 Rab8 20. Nf5 Nf8 21. f3 Qa7
22. Ne3 Bb7 23. Bc4 Ng6 24. Qb3 Rbc8 25. Ndf1 Nf4 26. Red1 g6 27. Rd2 Kg7 28.
Rad1 Rd7 29. Ng3 Kf8 0-1

[Event "Gibraltar Masters Open 2015"]
[Site "Caleta ENG"]
[Date "2015.01.31"]
[Round "5"]
[White "Oparin, Grigoriy"]
[Black "Hou, Yifan"]
[Result "1/2-1/2"]
[WhiteElo "2551"]
[BlackElo "2673"]
[PlyCount "111"]
[EventDate "2015.01.27"]

1. d4 Nf6 2. c4 e6 3. Nc3 Bb4 4. e3 O-O 5. Nge2 d5 6. a3 Be7 7. cxd5 exd5 8. g3
Nbd7 9. Bg2 Nb6 10. O-O a5 11. b3 Re8 12. Qd3 Bf8 13. Bd2 g6 14. f3 c5 15. dxc5
Bxc5 16. Nd4 Nbd7 17. Na4 b6 18. Nxc5 bxc5 19. Nb5 Ba6 20. a4 Qb6 21. Rfc1 Ne5
22. Qc3 Bxb5 23. axb5 Qxb5 24. Re1 a4 25. bxa4 Rxa4 26. Rxa4 Qxa4 27. g4 h6 28.
h3 Qc4 29. f4 Nd3 30. Qxc4 dxc4 31. Rb1 Kf8 32. Bc6 Re6 33. Rb8+ Ke7 34. Bb5
Rd6 35. Bc3 g5 36. Rb7+ Nd7 37. fxg5 hxg5 38. Bxc4 f6 39. Kg2 N3e5 40. Bxe5
fxe5 41. Kf3 Rb6 42. Ra7 Rb4 43. Bd3 Kd6 44. Bf5 e4+ 45. Kg3 Ne5 46. Ra6+ Nc6
47. h4 gxh4+ 48. Kxh4 Kd5 49. g5 Ne7 50. Be6+ Ke5 51. Bg4 Nf5+ 52. Bxf5 Kxf5
53. Rc6 Rb3 54. Rxc5+ Kg6 55. Rc6+ Kg7 56. Rc7+ 1/2-1/2

[Event "Gibraltar Masters Open 2015"]
[Site "Caleta ENG"]
[Date "2015.01.31"]
[Round "5"]
[White "Salgado Lopez, Ivan"]
[Black "Stefanova, Antoaneta"]
[Result "1/2-1/2"]
[WhiteElo "2628"]
[BlackElo "2515"]
[PlyCount "39"]
[EventDate "2015.01.27"]

1. e4 e6 2. d4 d5 3. Nc3 dxe4 4. Nxe4 Nd7 5. Bd3 Ngf6 6. Qe2 c5 7. Nxf6+ Nxf6
8. dxc5 Bxc5 9. Nf3 Qc7 10. O-O O-O 11. Bg5 b6 12. Ne5 Bb7 13. Bxf6 gxf6 14.
Qg4+ Kh8 15. Qh4 f5 16. Qf6+ Kg8 17. Qg5+ Kh8 18. Qf6+ Kg8 19. Qg5+ Kh8 20.
Qf6+ 1/2-1/2

[Event "Gibraltar Masters Open 2015"]
[Site "Caleta ENG"]
[Date "2015.01.31"]
[Round "5"]
[White "Khotenashvili, Bela"]
[Black "Codenotti, Marco"]
[Result "1/2-1/2"]
[WhiteElo "2526"]
[BlackElo "2374"]
[PlyCount "82"]
[EventDate "2015.01.27"]

1. d4 d5 2. c4 c6 3. Nf3 Nf6 4. Nc3 dxc4 5. a4 a5 6. e3 Bg4 7. Bxc4 e6 8. h3
Bh5 9. O-O Bb4 10. Be2 O-O 11. g4 Bg6 12. Ne5 Nbd7 13. f4 Nxe5 14. dxe5 Ne4 15.
Nxe4 Bxe4 16. Qd4 Qxd4 17. exd4 c5 18. Be3 cxd4 19. Bxd4 Rfd8 20. Be3 g6 21.
Kf2 Bd3 22. Rac1 Bxe2 23. Kxe2 Rab8 24. Rfd1 Rxd1 25. Kxd1 b5 26. axb5 Rxb5 27.
Rc8+ Kg7 28. g5 h6 29. h4 Rd5+ 30. Kc2 Rb5 31. b3 h5 32. Bd4 Be1 33. Bc5 Bb4
34. Bf2 Rb7 35. Bd4 Be1 36. Bc5 Bxh4 37. Kd3 Be1 38. Bd6 Rxb3+ 39. Kc2 Rb7 40.
Bc7 Rxc7+ 41. Rxc7 Kf8 1/2-1/2

[Event "Gibraltar Masters Open 2015"]
[Site "Caleta ENG"]
[Date "2015.01.31"]
[Round "5"]
[White "Cramling, Pia"]
[Black "Bellin, Robert"]
[Result "1/2-1/2"]
[WhiteElo "2518"]
[BlackElo "2338"]
[PlyCount "172"]
[EventDate "2015.01.27"]

1. Nf3 e6 2. c4 f5 3. g3 Nf6 4. Bg2 Be7 5. O-O O-O 6. d4 c6 7. Qc2 a5 8. Nc3 d5
9. b3 Ne4 10. Bb2 Nd7 11. e3 Bd6 12. Ne2 Qf6 13. Ne1 Qe7 14. Nd3 Nef6 15. Rac1
b6 16. Ne5 Bb7 17. Nf4 Rfc8 18. Rfd1 Nf8 19. c5 Bc7 20. cxb6 Bxb6 21. Nfd3 N8d7
22. Nxd7 Nxd7 23. Nc5 Nxc5 24. Ba3 Ba6 25. Bxc5 Bxc5 26. Qxc5 Qxc5 27. Rxc5 Bb7
28. Bf1 Kf7 29. Bd3 Ke7 30. f3 Ba6 31. e4 Bxd3 32. Rxd3 fxe4 33. fxe4 dxe4 34.
Re3 a4 35. b4 a3 36. Rxe4 Rab8 37. Rce5 Rxb4 38. Rxe6+ Kf8 39. Re3 Rb1+ 40. Kg2
Rb2+ 41. Kh3 Rxa2 42. Rf3+ Kg8 43. Re7 Rf8 44. Rb3 Raf2 45. Rxa3 R2f7 46. Re4
Rd7 47. Rc3 Rf6 48. g4 h6 49. Kg3 Kf7 50. h4 Re7 51. Rf4 Ree6 52. g5 hxg5 53.
hxg5 Rxf4 54. Kxf4 Rd6 55. Ke4 Rd5 56. g6+ Ke7 57. Rxc6 Rg5 58. Ra6 Rg4+ 59.
Kd5 Rg5+ 60. Kc4 Rg4 61. Kc5 Rg1 62. Rc6 Kd7 63. Rb6 Ke7 64. Ra6 Rc1+ 65. Kd5
Rg1 66. Rd6 Rg2 67. Re6+ Kd7 68. Ra6 Ke7 69. Ra7+ Kf6 70. Kc6 Kxg6 71. d5 Rc2+
72. Kd7 Kf5 73. d6 g5 74. Ke7 Re2+ 75. Kf7 Rd2 76. Ra5+ Kf4 77. Ke6 g4 78. Rf5+
Ke4 79. Rg5 Kf4 80. Rd5 Rxd5 81. Kxd5 g3 82. d7 g2 83. d8=Q g1=Q 84. Qf6+ Kg3
85. Qg5+ Kf2 86. Qxg1+ Kxg1 1/2-1/2

[Event "Gibraltar Masters Open 2015"]
[Site "Caleta ENG"]
[Date "2015.02.01"]
[Round "6"]
[White "Hou, Yifan"]
[Black "Mareco, Sandro"]
[Result "1-0"]
[WhiteElo "2673"]
[BlackElo "2583"]
[PlyCount "83"]
[EventDate "2015.01.27"]

1. e4 c5 2. Nf3 d6 3. d4 cxd4 4. Nxd4 Nf6 5. Nc3 a6 6. Be3 e5 7. Nb3 Be6 8. Qd2
Be7 9. O-O-O Nbd7 10. f4 b5 11. f5 Bc4 12. Kb1 Rb8 13. g4 Nxg4 14. Rg1 Nxe3 15.
Qxe3 Bxf1 16. Rdxf1 Bf6 17. Rd1 Nb6 18. Qd3 Ke7 19. a3 Re8 20. Nc1 Qd7 21. N1a2
a5 22. Qxb5 Qxb5 23. Nxb5 Rec8 24. Nac3 Na4 25. Rd3 Nxc3+ 26. Nxc3 Kd7 27. b3
Rc6 28. Kb2 Rbc8 29. Rg2 h6 30. Nd5 Bg5 31. a4 Ke8 32. c3 Kf8 33. b4 axb4 34.
cxb4 Rc4 35. Re2 Rd4 36. Rxd4 exd4 37. Rc2 Ra8 38. a5 d3 39. Rc3 d2 40. Kc2 g6
41. f6 h5 42. a6 1-0

[Event "Gibraltar Masters Open 2015"]
[Site "Caleta ENG"]
[Date "2015.02.01"]
[Round "6"]
[White "Muzychuk, Mariya"]
[Black "Adhiban, Baskaran"]
[Result "0-1"]
[WhiteElo "2520"]
[BlackElo "2630"]
[PlyCount "74"]
[EventDate "2015.01.27"]

1. e4 c5 2. Nf3 e6 3. d4 cxd4 4. Nxd4 Nc6 5. Nc3 Qc7 6. Be3 a6 7. Qd2 Nf6 8.
O-O-O Bb4 9. f3 O-O 10. g4 b5 11. g5 Nh5 12. Kb1 Bb7 13. a3 Be7 14. Nb3 Rfc8
15. f4 b4 16. axb4 Bxb4 17. Be2 Bxc3 18. Qxd7 Ne7 19. Qxc7 Rxc7 20. Nc5 Nxf4
21. Bxf4 Rxc5 22. Bd6 Rc6 23. bxc3 Nf5 24. exf5 Rb6+ 25. Kc1 Bxh1 26. fxe6 fxe6
27. c4 Bc6 28. c5 Rb4 29. c3 Ra4 30. Kd2 Ra7 31. Bd3 Rf7 32. Rb1 Ra2+ 33. Ke3
Rf3+ 34. Kd4 e5+ 35. Kc4 Ra4+ 36. Kb3 Rxd3 37. Rf1 Rf4 0-1